000 00711nam a2200229Ia 4500
003 OSt
005 20220925232521.0
006 a|||||r|||| 00| 0
007 ta
008 220923b |||||||| |||| 00| 0 eng d
037 _cGeneral Book
040 _aRTL
_cRTL
_beng
041 _2eng
_aeng
082 _aXM,813.2.N98 - N97r, N8/GD
110 _aLife Insurance Corporation of India.
_9241941
245 0 _a41st Report and accounts for the year ended 31st March, 1998.
260 _aMumbai
_bLIC
_c1998
300 _a152p.
_ccm.
700 _aLife Insurance Corporation of India.
_9241942
942 _hXM,813.2.N98 - N97r, N8/GD
_cGB
_2CC
999 _c591521
_d591521